[Event "FRA-chB 86th"]
[Site "Caen"]
[Date "2011.08.23"]
[Round "8"]
[White "Cossin, Sebastien"]
[Black "Lagarde, Maxime"]
[Result "1/2-1/2"]
[WhiteElo "2502"]
[BlackElo "2433"]
[PlyCount "79"]
[EventDate "2011.08.15"]
[EventType "tourn"]
[EventRounds "11"]
[EventCountry "FRA"]
[EventCategory "10"]
[SourceTitle "CBM 144 Extra"]
[Source "ChessBase"]
[SourceDate "2011.10.28"]
[SourceVersion "1"]
[SourceVersionDate "2011.10.28"]
[SourceQuality "1"]

1. e4 c5 2. Nf3 Nc6 3. d4 cxd4 4. Nxd4 Nf6 5. Nc3 d6 6. Bg5 e6 7. Qd2 a6 8. 0-0-0 Bd7 9. f4 b5 10. Bxf6 gxf6 11. Kb1 Qb6 12. Nxc6 Bxc6 13. Qe1 Ra7 14. Bd3 Qc5 15. f5 a5 16. fxe6 fxe6 17. Qf1 f5 18. Bxb5 Rb7 19. a4 Bg7 20. Bxc6+ Qxc6 21. Nb5 0-0 22. Qd3 fxe4 23. Qxd6 Qc4 24. Qa6 Rfb8 25. Qxa5 Rxb5 26. axb5 Rxb5 27. Qd8+ Kf7 28. Rd7+ Kg6 29. Rxg7+ Kxg7 30. Rd1 Kg6 31. Qg8+ Kh6 32. Qf8+ Kg6 33. Rd7 Rxb2+ 34. Kxb2 Qb5+ 35. Kc3 Qxd7 36. Qf4 Qd5 37. Qg4+ Kf6 38. Qh4+ Kg6 39. Qg4+ Kf6 40. Qh4+ 1/2-1/2

[Event "FRA-chB 86th"]
[Site "Caen"]
[Date "2011.08.20"]
[Round "6"]
[White "Cossin, Sebastien"]
[Black "Shirazi, Kamran"]
[Result "1/2-1/2"]
[WhiteElo "2502"]
[BlackElo "2352"]
[PlyCount "131"]
[EventDate "2011.08.15"]
[EventType "tourn"]
[EventRounds "11"]
[EventCountry "FRA"]
[EventCategory "10"]
[SourceTitle "CBM 144 Extra"]
[Source "ChessBase"]
[SourceDate "2011.10.28"]
[SourceVersion "1"]
[SourceVersionDate "2011.10.28"]
[SourceQuality "1"]

1. d4 Nf6 2. Nf3 c5 3. c4 cxd4 4. Nxd4 e5 5. Nf3 Nc6 6. Nc3 Bb4 7. Bd2 0-0 8. a3 Bxc3 9. Bxc3 e4 10. Nd4 e3 11. f3 Ne5 12. Nf5 Nxc4 13. Qd4 d5 14. Nxg7 Kxg7 15. g4 h6 16. h4 Qd6 17. Rg1 Re8 18. g5 Bf5 19. 0-0-0 Rac8 20. Qxf6+ Qxf6 21. gxf6+ Kf8 22. Rxd5 Re5 23. Rxe5 Nxe5 24. Rg3 Rc4 25. Bh3 Bxh3 26. Rxh3 Ng6 27. Rh1 Ke8 28. h5 Nf4 29. Kc2 Rc5 30. Rh4 Nxe2 31. Re4+ Kd7 32. Rxe3 Nd4+ 33. Kd3 Nc6 34. f4 Rxh5 35. Ke4 a5 36. Re2 b5 37. Kf3 b4 38. Kg4 Rb5 39. axb4 axb4 40. Be1 h5+ 41. Kh3 Rf5 42. Re4 Kd6 43. Rc4 Kd5 44. b3 Nd4 45. Bg3 Nc6 46. Kh4 Rxf6 47. Be1 Nd4 48. Kxh5 Rxf4 49. Rxb4 Rf3 50. Rb8 Nxb3 51. Kg4 Re3 52. Rd8+ Kc6 53. Bf2 Re2 54. Kf3 Re6 55. Be3 Rf6+ 56. Kg4 Rf1 57. Bf4 Nc5 58. Rd6+ Kb5 59. Rf6 Rg1+ 60. Kf5 Rg7 61. Rd6 Rh7 62. Rh6 Rg7 63. Kf6 Ne6 64. Be5 Kc5 65. Ke7 Rg6 66. Rxg6 1/2-1/2

[Event "FRA-chB 86th"]
[Site "Caen"]
[Date "2011.08.19"]
[Round "5"]
[White "Apicella, Manuel"]
[Black "Cossin, Sebastien"]
[Result "1/2-1/2"]
[WhiteElo "2540"]
[BlackElo "2502"]
[PlyCount "43"]
[EventDate "2011.08.15"]
[EventType "tourn"]
[EventRounds "11"]
[EventCountry "FRA"]
[EventCategory "10"]
[SourceTitle "CBM 144 Extra"]
[Source "ChessBase"]
[SourceDate "2011.10.28"]
[SourceVersion "1"]
[SourceVersionDate "2011.10.28"]
[SourceQuality "1"]

1. c4 Nf6 2. g3 g6 3. Bg2 Bg7 4. Nc3 0-0 5. d3 c5 6. Nf3 d5 7. cxd5 Nxd5 8. Bd2 Nc6 9. 0-0 Nc7 10. Qc1 b6 11. Bh6 Bb7 12. Bxg7 Kxg7 13. Rd1 Rb8 14. e3 e5 15. a3 Qe7 16. d4 cxd4 17. exd4 Rfd8 18. Qe3 exd4 19. Qxe7 Nxe7 20. Nxd4 Bxg2 21. Kxg2 Ncd5 22. Nxd5 1/2-1/2

[Event "FRA-chB 86th"]
[Site "Caen"]
[Date "2011.08.17"]
[Round "3"]
[White "Libiszewski, Fabien"]
[Black "Cossin, Sebastien"]
[Result "1-0"]
[WhiteElo "2480"]
[BlackElo "2502"]
[PlyCount "67"]
[EventDate "2011.08.15"]
[EventType "tourn"]
[EventRounds "11"]
[EventCountry "FRA"]
[EventCategory "10"]
[SourceTitle "CBM 144 Extra"]
[Source "ChessBase"]
[SourceDate "2011.10.28"]
[SourceVersion "1"]
[SourceVersionDate "2011.10.28"]
[SourceQuality "1"]

1. e4 c5 2. Nf3 d6 3. d4 cxd4 4. Nxd4 Nf6 5. Nc3 a6 6. Be3 e5 7. Nb3 Be6 8. h3 Nbd7 9. g4 Rc8 10. Qd2 Be7 11. 0-0-0 b5 12. Kb1 Nb6 13. g5 Nfd7 14. f4 exf4 15. Bxf4 0-0 16. Nd5 Bxd5 17. exd5 Nc4 18. Qg2 Re8 19. Bd3 Bf8 20. h4 g6 21. h5 Bg7 22. hxg6 hxg6 23. Qh2 Nde5 24. Rdf1 Qc7 25. Bxe5 Nxe5 26. Nd4 Nxd3 27. Ne6 Rxe6 28. dxe6 Ne5 29. Rf4 d5 30. c3 Re8 31. Rxf7 Qxf7 32. exf7+ Kxf7 33. Rf1+ Kg8 34. Qg2 1-0

[Event "Condom"]
[Site "Condom"]
[Date "2011.07.14"]
[Round "8"]
[White "Lagarde, Maxime"]
[Black "Cossin, Sebastien"]
[Result "0-1"]
[WhiteElo "2435"]
[BlackElo "2502"]
[PlyCount "88"]
[EventDate "2011.07.07"]
[EventType "tourn"]
[EventRounds "10"]
[EventCountry "FRA"]
[EventCategory "8"]
[SourceTitle "CBM 143 Extra"]
[Source "ChessBase"]
[SourceDate "2011.08.29"]
[SourceVersion "1"]
[SourceVersionDate "2011.08.29"]
[SourceQuality "1"]

1. e4 c5 2. Nf3 d6 3. d4 cxd4 4. Nxd4 Nf6 5. Nc3 a6 6. f3 e6 7. Be3 b5 8. Qd2 Nbd7 9. g4 Nb6 10. a4 Nc4 11. Bxc4 bxc4 12. a5 Bb7 13. Na4 d5 14. g5 Nd7 15. 0-0-0 dxe4 16. Qc3 Qe7 17. Qd2 Qb4 18. Nc3 0-0-0 19. Nxe4 Qxd2+ 20. Bxd2 Nc5 21. Nxc5 Bxc5 22. Bc3 Rd5 23. b4 Ba7 24. Rd2 Rxg5 25. Rhd1 Rd5 26. Kb2 Rhd8 27. f4 g6 28. Ka2 Bb8 29. Ne2 Rxd2 30. Rxd2 Rxd2 31. Bxd2 Bf3 32. Nc3 Bc6 33. Ne2 e5 34. fxe5 Bxe5 35. Bf4 Bg7 36. c3 f5 37. Kb2 Bf6 38. Bg3 h6 39. Nd4 Kd7 40. Nc2 Ke6 41. Nd4+ Kd5 42. Nxc6 Kxc6 43. Kc2 g5 44. Kd2 h5 0-1

[Event "Condom"]
[Site "Condom"]
[Date "2011.07.12"]
[Round "6"]
[White "Barsov, Alexei"]
[Black "Cossin, Sebastien"]
[Result "1-0"]
[WhiteElo "2534"]
[BlackElo "2502"]
[PlyCount "81"]
[EventDate "2011.07.07"]
[EventType "tourn"]
[EventRounds "10"]
[EventCountry "FRA"]
[EventCategory "8"]
[SourceTitle "CBM 143 Extra"]
[Source "ChessBase"]
[SourceDate "2011.08.29"]
[SourceVersion "1"]
[SourceVersionDate "2011.08.29"]
[SourceQuality "1"]

1. d4 Nf6 2. c4 g6 3. Nf3 Bg7 4. Nc3 0-0 5. g3 d6 6. Bg2 Nc6 7. 0-0 a6 8. d5 Na5 9. b3 c5 10. dxc6 bxc6 11. Bd2 Rb8 12. c5 d5 13. Bf4 Rb7 14. Be5 Bg4 15. Nd4 Ne4 16. Bxg7 Nxc3 17. Qd2 Kxg7 18. Qxc3 e5 19. e3 Kg8 20. Nc2 Re8 21. h3 Bc8 22. Rfd1 Ra7 23. Nb4 Qc7 24. Bxd5 cxd5 25. Nxd5 Qd8 26. Nb6 Qe7 27. Nxc8 Rxc8 28. Qxa5 Qxc5 29. Rd5 Qxa5 30. Rxa5 e4 31. Rd1 Rc6 32. g4 Re7 33. Rdd5 f6 34. Kg2 Kf7 35. Rac5 Rb6 36. h4 h6 37. h5 g5 38. Rd8 Rb5 39. Rc6 Ra5 40. Rdd6 Rxa2 41. Rxf6+ 1-0